ECTS information package study programme for BSc degree : academic year ...

Bibliographic Details
Corporate Author: Žilinská univerzita v Žiline. Elektrotechnická fakulta
Other Authors: Hrabovcová, Valéria, 1946- (Compiler), Pokorný, Michal, 1948- (Compiler), Pavlásek, Pavel, 1951- (Compiler), Muzikářová, Ludmila, 1948- (Compiler), Hrudkay, Karol (Compiler)
Format: Journal
Language:Slovak
PhysicalDescription:1 zv. 25 x 18 cm
Published: Žilina Žilinská univerzita, Elektrotechnická fakulta 2000-2001
ISBN:8071007129 (brož. : r. 2000/2001)
Subjects:

MARC

LEADER 00000cas a2200000 a 4500
001 vtls001403897
003 SK-MaSNL
005 20260228160438.0
008 160415d20002001xo ar|p 0y 0 0slo
015 |a SNBE2001/02-01304 (r. 2000/2001) 
020 |a 8071007129 (brož. : r. 2000/2001) 
035 |a SNK000358456 
040 |a SNK  |b slo  |c SNK  |e AACR2 
041 0 |a slo 
044 |a xo  |c SK 
072 7 |a 371  |x Školstvo (organizácia)  |2 konspekt 
072 7 |a 621.3  |x Elektrotechnika  |2 konspekt 
080 |a (036)  |2 2011 
080 |a 050  |2 2011 
080 |a (073)  |2 2011 
080 |a 621.3  |2 2011 
110 2 |a Žilinská univerzita v Žiline.  |b Elektrotechnická fakulta  |9 109402 
245 1 0 |a ECTS information package  |b study programme for BSc degree : academic year ...  |c [zostavovateľka: Valéria Hrabovcová] 
246 3 3 |a Information package ECTS 
246 3 3 |a Study programme for BSc  |b degree academic year ... 
260 |a Žilina  |b Žilinská univerzita, Elektrotechnická fakulta  |c 2000-2001 
300 |a 1 zv.  |c 25 x 18 cm 
310 |a 1x ročne 
362 0 |a 2000-2001 
500 |a Súčasťou názvu je označenie akademického roku 
650 0 7 |a študijné programy  |2 SNKPH  |9 75147 
650 0 7 |a elektrotechnika  |2 SNKPH  |9 3619 
655 7 |a informačné publikácie  |2 SNKPH  |9 70181 
700 1 |a Hrabovcová, Valéria,  |d 1946-  |4 com  |9 113163 
700 1 |a Pokorný, Michal,  |d 1948-  |4 com  |9 7616 
700 1 |a Pavlásek, Pavel,  |d 1951-  |4 com  |9 215405 
700 1 |a Muzikářová, Ludmila,  |d 1948-  |4 com  |9 8904 
700 1 |a Hrudkay, Karol  |4 com  |9 266653 
710 2 |a Žilinská univerzita v Žiline.  |b Elektrotechnická fakulta  |4 pbl  |9 109402 
910 |a snk 
919 |a 80-7100-712-9 
999 |c 2539  |d 4469 
952 |0 0  |1 0  |4 0  |7 0  |a SNK  |b SNK  |d 2001-01-05  |i snk24/20010108  |l 0  |o snkC 14  |r 2005-01-02 00:00:00  |t P60, <09>, [BOOK], {629}  |w 2026-02-21  |y NEVYP 
952 |0 0  |1 0  |4 0  |7 0  |a SNK  |b SNK  |d 2001-01-05  |i snkKSP 261/2001  |l 0  |o snkČSC 3317/2000-2001  |p 17A0264458  |r 2005-01-02 00:00:00  |w 2026-02-21  |y PREZ 
952 |0 0  |1 0  |4 0  |7 0  |a SNK  |b SNK  |d 2001-01-05  |i snkKSP 262/2001  |l 0  |o snkČSC 3317/2000-2001 D1  |p 17A0264459  |r 2005-01-02 00:00:00  |w 2026-02-21  |y PREZ